000 00694nam a2200229 a 4500
001 000039171
003 DO-SdBNP
005 20240724133737.0
007 ta
008 100824s2012 dr c 000 0 spa d
020 _a9789945489590
040 _aDO-SdBNP
_bspa
_cBNPHU
082 4 _aRD864.44
_bC822
_222
100 1 _aSantos Grimaldi, RocĂ­o Eleanor de los
_965370
245 1 0 _aGabriela Mistral :
_bsu vida /
_cRocio Eleanor de los Santos Grimaldi
260 _aSanto Domingo :
_bSantuario,
_c2012.
300 _a58 p. :
_bretrs. ;
_c23 cm.
504 _aBibliografĂ­a : p. 57-58
590 _aInventariado, 2022/BT
600 1 4 _aMistral, Gabriela,
_d1889-1957
_941303
942 _2ddc
_cLBS1
999 _c38661
_d38661